A kávé szerepe a vendéglátásban Az újhullámos kávéházak elterjedése

Bibliográfiai részletek
Szerző: Bérces Zsolt
További közreműködők: Gundel Dr. János
Dokumentumtípus: Diplomadolgozat
Kulcsszavak:Kávétermelés
Fair Trade
Kávé, felhasználás, vendéglátás
Kávéház, különleges
Felmérés, kérdőíves
Online Access:http://dolgozattar.uni-bge.hu/59233

MARC

LEADER 00000nta a2200000 i 4500
001 dolg59233
005 20251030143914.0
008 251030suuuu hu om 000 hun d
040 |a BGE Dolgozattár Repozitórium  |b hun 
041 |a hu 
100 1 |a Bérces Zsolt 
245 1 2 |a A kávé szerepe a vendéglátásban  |b Az újhullámos kávéházak elterjedése  |c Bérces Zsolt  |h [elektronikus dokumentum] 
695 |a Kávétermelés 
695 |a Fair Trade 
695 |a Kávé, felhasználás, vendéglátás 
695 |a Kávéház, különleges 
695 |a Felmérés, kérdőíves 
700 1 |a Gundel Dr. János  |e ths 
856 4 0 |u http://dolgozattar.uni-bge.hu/59233/1/Berces-Zsolt.pdf  |z Dokumentum-elérés